<The> Japanese economic review <the> journal of the Japanese Economic Association

Uložené v:
Podrobná bibliografia
Médium: Seriál
Jazyk:English
Vydavateľské údaje: Oxford Blackwell Publ. 2003
Predmet:
Tagy: Pridať tag
Žiadne tagy, Buďte prvý, kto otaguje tento záznam!

MARC

LEADER 00000nas2a2200000 4500
001 0052608
005 20230502075858.2
022 |a 1352-4739 
041 0 |a eng 
044 |a GB 
245 1 0 |a <The> Japanese economic review  |b <the> journal of the Japanese Economic Association 
264 1 |a Oxford  |b Blackwell Publ.  |c 2003 
773 0 |w eu_un_cat*s122609 
610 2 0 |a teórie ekonomické 
610 2 0 |a vývoj hospodársky